Evolução histórica da justiça eleitoral mato-grossense : (Record no. 1533)

MARC details
000 -LÍDER
Campo Fixo de Controle 00775nam a2200229 a 4500
001 - NÚMERO DE CONTROLE
Campo de Controle 1533
003 - IDENTIFICAÇÃO DO NÚMERO DE CONTROLE
Campo de Controle BR-CuiBMT
005 - DATA E HORA DA ÚLTIMA ATUALIZAÇÃO
Campo de Controle 20231217144012.0
008 - DADOS FIXOS
Dados Fixos 231214s2012 mtba 000 0 por d
020 ## - INTERNATIONAL STANDARD BOOK NUMBER
Nº do ISBN 9788579920226
040 ## - AGÊNCIA CATALOGADORA
Código da Agência Catalogadora BR-CuiBMT
Agência que transcreveu o registro BR-CuiBMT
080 ## - Nº DA CLASSIFICAÇÃO DECIMAL UNIVERSAL
Nº edição CDU 2007
Nº Class. CDU 342.8
Subd. Auxiliar Comum (817.2)
090 ## - NÚMERO DE CHAMADA
Nº classificação 342.8(817.2)
Cutter S618e
100 1# - ENTRADA PRINCIPAL -- AUTOR PESSOAL
Nome pessoal Siqueira, Elizabeth Madureira,
Datas associadas ao nome 1947-
245 10 - TÍTULO PRINCIPAL
Título principal Evolução histórica da justiça eleitoral mato-grossense :
Subtítulo 1932-2012 /
Indicação de responsabilidade Elizabeth Madureira Siqueira.
260 ## - PUBLICAÇÃO, DISTRIBUIÇÃO, ETC.
Local de publicação Cuiabá :
Editora Entrelinhas,
Data 2012.
300 ## - DESCRIÇÃO FÍSICA
N. páginas ou volumes 396 p. :
Ilustrações il. color. ;
Dimensões 30 cm +
Material adicional 1 CD-ROM
504 ## - NOTA DE BIBLIOGRAFIA, ETC.
Nota de bibliografia Inclui bibliografia.
610 1# - ASSUNTO -- ENTIDADE
Nome da Entidade ou lugar Brasil.
Unidade subordinada Tribunal Regional Eleitoral (MT)
Subdivisão geral História
650 ## - ASSUNTO TÓPICO
Cabeçalho tópico ou nome geográfico Justiça eleitoral
Subdivisão geográfica Mato Grosso
942 ## - ELEMENTOS DE ENTRADA ADICIONAIS (KOHA)
Fonte de classificação ou esquema de arquivamento Classificação Decimal Universal
Tipo de item do Koha Livros
Holdings
Estado: removido Estado: perdido Fonte de classificação ou esquema de arquivamento Estado: danificado Indisponível para empréstimo Localização permanente Localização atual Data de aquisição Total Checkouts Número de Chamada completo Código de barras Date last seen Número do exemplar Preço efetivo a partir de Tipo de item (Koha) Especificação Nota pública
    Classificação Decimal Universal     Biblioteca da Escola Superior de Contas do TCE/MT Biblioteca da Escola Superior de Contas do TCE/MT 14/12/2023   342.8(817.2) S618e BIBTCEMT23120480 14/12/2023 Ex. 1 14/12/2023 Livros    
    Classificação Decimal Universal     Biblioteca da Escola Superior de Contas do TCE/MT Biblioteca da Escola Superior de Contas do TCE/MT 14/12/2023   342.8(817.2) S618e BIBTCEMT23120481 14/12/2023 Ex. 1 14/12/2023 CD-ROM Material adicional do Ex. 1 do livro CD-ROM

Powered by Koha